Quản lý thư viện và trung tâm thông tin Giáo trình dùng cho sinh viên ngành Thư viện - thông tin
Nội dung sách giới thiệu lý thuyết chung về tổ chức quản lý thư viện, kế hoạch, cơ cấu, tổ chức một số loại hình thư viện và cơ quan thông tin ở Việt Nam.
সংরক্ষণ করুন:
| প্রধান লেখক: | |
|---|---|
| বিন্যাস: | গ্রন্থ |
| ভাষা: | Undetermined |
| প্রকাশিত: |
Hà Nội
Đại học Văn hoá Hà Nội
2002
|
| বিষয়গুলি: | |
| ট্যাগগুলো: |
ট্যাগ যুক্ত করুন
কোনো ট্যাগ নেই, প্রথমজন হিসাবে ট্যাগ করুন!
|
| Thư viện lưu trữ: | Trung tâm Học liệu Trường Đại học Cần Thơ |
|---|
| LEADER | 00958nam a2200217Ia 4500 | ||
|---|---|---|---|
| 001 | CTU_145144 | ||
| 008 | 210402s9999 xx 000 0 und d | ||
| 020 | |c 21500 | ||
| 082 | |a 025.1 | ||
| 082 | |b H305 | ||
| 100 | |a Nguyễn, Tiến Hiển | ||
| 245 | 0 | |a Quản lý thư viện và trung tâm thông tin | |
| 245 | 0 | |b Giáo trình dùng cho sinh viên ngành Thư viện - thông tin | |
| 245 | 0 | |c Nguyễn Tiến Hiển, Nguyễn Thị Lan Thanh | |
| 260 | |a Hà Nội | ||
| 260 | |b Đại học Văn hoá Hà Nội | ||
| 260 | |c 2002 | ||
| 520 | |a Nội dung sách giới thiệu lý thuyết chung về tổ chức quản lý thư viện, kế hoạch, cơ cấu, tổ chức một số loại hình thư viện và cơ quan thông tin ở Việt Nam. | ||
| 650 | |a Thư viện | ||
| 904 | |i Tuyến | ||
| 980 | |a Trung tâm Học liệu Trường Đại học Cần Thơ | ||